Property pricing survey (Record no. 109457)
[ view plain ]
| 000 -LEADER | |
|---|---|
| fixed length control field | 01261cad a22002415a 4500 |
| 001 - CONTROL NUMBER | |
| control field | E147146 |
| 008 - FIXED-LENGTH DATA ELEMENTS--GENERAL INFORMATION | |
| fixed length control field | 090407s2009 xxkd f s 000 0 eng d |
| 035 ## - SYSTEM CONTROL NUMBER | |
| System control number | (Sirsi) u147146 |
| 041 0# - LANGUAGE CODE | |
| Language code of text/sound track or separate title | eng |
| 050 04 - LIBRARY OF CONGRESS CALL NUMBER | |
| Classification number | 333.33 $2 18 |
| 110 2# - MAIN ENTRY--CORPORATE NAME | |
| Corporate name or jurisdiction name as entry element | Colliers CRE |
| 9 (RLIN) | 5075 |
| 245 00 - TITLE STATEMENT | |
| Title | Property pricing survey |
| Remainder of title | March 2009 |
| Medium | [electronic resource] |
| 260 ## - PUBLICATION, DISTRIBUTION, ETC. | |
| Place of publication, distribution, etc. | London |
| Name of publisher, distributor, etc. | Colliers CRE |
| Date of publication, distribution, etc. | 2008 |
| 490 #0 - SERIES STATEMENT | |
| Series statement | Property Pricing Survey |
| Volume/sequential designation | (44) March 2009 |
| 520 ## - SUMMARY, ETC. | |
| Summary, etc. | Suggests that now is a good time to buy commercial property, with the majority (54%) of respondents currently preferring retail property. However sales are quieter, with the retail and industrial sectors each being favoured by 23% of respondents. The total return for 2009 is forecast to be -11.7% pa, a further downward adjustment from the -5.2% pa quoted in the November 2008 survey. The 2010 total return forecast has also been adjusted downwards, from the 5.8% quoted in the November 2008 survey, to 2.6% pa. |
| 521 ## - TARGET AUDIENCE NOTE | |
| Target audience note | Advanced |
| 590 ## - LOCAL NOTE (RLIN) | |
| Local note | KA |
| 650 24 - SUBJECT ADDED ENTRY--TOPICAL TERM | |
| Topical term or geographic name entry element | COLLIERS PROPERTY PRICING SURVEY |
| 651 #4 - SUBJECT ADDED ENTRY--GEOGRAPHIC NAME | |
| Geographic name | United Kingdom |
| Chronological subdivision | |
| 690 ## - LOCAL SUBJECT ADDED ENTRY--TOPICAL TERM (OCLC, RLIN) | |
| Topical term or geographic name as entry element | PROPERTY-COMMERCIAL PROPERTY-COMMERCIAL PROPERTY MARKET |
| 856 40 - ELECTRONIC LOCATION AND ACCESS | |
| Uniform Resource Identifier | <a href="https://www.colliers.com/">https://www.colliers.com/</a> |
| Public note | View the item free of charge at www.colliers.com... |
| 942 ## - ADDED ENTRY ELEMENTS (KOHA) | |
| Suppress in OPAC | 0 |
| Withdrawn status | Lost status | Source of classification or shelving scheme | Damaged status | Not for loan | Home library | Current library | Shelving location | Date acquired | Total Checkouts | Full call number | Barcode | Date last seen | Copy number | Price effective from | Koha item type |
|---|---|---|---|---|---|---|---|---|---|---|---|---|---|---|---|
| Dewey Decimal Classification | Virtual | Virtual | Online | 07/04/2009 | ONLINE PUBLICATION | 147146-2001 | 06/08/2019 | 1 | 06/08/2019 | Book |